Diccionario económico de nuestro tiempo (Record no. 143728)

MARC details
000 -LEADER
campo de control de longitud fija 00681nam a2200193 4500
001 - NÚMERO DE CONTROL
campo de control 143728
003 - IDENTIFICADOR DE NÚMERO DE CONTROL
campo de control ES-MaACL
007 - CAMPO FIJO DE DESCRIPCIÓN FÍSICA--INFORMACIÓN GENERAL
campo de control de longitud fija t|
008 - DATOS DE LONGITUD FIJA--INFORMACIÓN GENERAL
campo de control de longitud fija 070214s1944 ag r ||||1| spa d
245 00 - MENCIÓN DEL TÍTULO
Título Diccionario económico de nuestro tiempo
Resto del título : científico-teórico-estadístico-comercial /
Mención de responsabilidad, etc. recopilado por el profesor Manuel Serra i Moret.
260 ## - PUBLICACIÓN, DISTRIBUCIÓN, ETC.
Lugar de publicación, distribución, etc. Buenos Aires :
Nombre del editor, distribuidor, etc. Mundo Atlántico,
Fecha de publicación, distribución, etc. 1944.
300 ## - DESCRIPCIÓN FÍSICA
Extensión 656 p. ;
Dimensiones 22 cm.
490 1# - MENCIÓN DE SERIE
Mención de serie Diccionarios de nuestro tiempo
700 1# - ENTRADA AGREGADA--NOMBRE PERSONAL
Nombre de persona Serra i Moret, Manuel.
9 (RLIN) 105637
830 0# - PUNTO DE ACCESO ADICIONAL DE SERIE-TÍTULO UNIFORME
Título uniforme Diccionarios de nuestro tiempo
9 (RLIN) 220598
852 ## - LOCALIZACIÓN
Ubicación ES-MaACL
Número de control de estantería E-1783
Sublocalización o colección R.22629
itemnumber 148919
Ubicación en estantería Depósito 2
942 ## - ELEMENTOS DE ENTRADA SECUNDARIOS (KOHA)
Fuente del sistema de clasificación o colocación Clasificación decimal universal
Holdings
Estatus retirado Estado de pérdida Fuente del sistema de clasificación o colocación Estado de daño No para préstamo Colección Biblioteca de origen Biblioteca actual Ubicación en estantería Fecha de adquisición Total de préstamos Signatura topográfica completa Código de barras Visto por última vez Precio de reemplazo Tipo de ítem Koha
    Clasificación decimal universal     Colección de referencia Biblioteca del Ateneo de Madrid Biblioteca del Ateneo de Madrid Depósito 2 17/01/2008   E-1783 1149537 23/02/2023 23/02/2023 Libro impreso